| 000 | 00351nam a2200133Ia 4500 | ||
|---|---|---|---|
| 008 | 240624s9999 xx 000 0 und d | ||
| 041 | _aeng | ||
| 082 | _a657.3 LAM | ||
| 100 | _aLAMBA ANIL | ||
| 245 | _aROMANCING THE BALANCE SHEET FOR ANYONE W | ||
| 260 |
_c2016 _aNew Delhi _bHarper Collins India |
||
| 300 | _aix, 260 p.; 23 cm. | ||
| 365 |
_cRS _b30 |
||
| 999 |
_c31887 _d31887 |
||